000
00333nam a2200121 a 4500
005
20140414131913.0
008
101014s19uu xx 00 eng d
050
_a
ER
_b
Ya1 1979
100
_a
Goodnow, Patti
245
_a
Yankee Doodle /
_c
illustrated by Patti Goodnow.
260
_b
Scholastic ,
_a
New York :
_c
2002.
999
_c
111320
_d
111320